000 002740000a22000970004500
100 1 _aSoggin, J. Alberto
245 1 0 _a'Ehud und 'eglon : Bemerkungen zu Richter 3:11b-31
300 _aVol. 39, Num. 1 (Enero, 1989), Páginas 95-100
773 0 _tVetus Testamentum
942 _cANA
999 _c57474
_d57474